| 000 | 00487nam a2200205Ia 4500 | ||
|---|---|---|---|
| 008 | 160803s9999 xx 000 0 und d | ||
| 020 | _a0 516243004 | ||
| 100 | _aEckart, Edana | ||
| 245 | _aBeetles / | ||
| 245 | _cby Edana Eckart. | ||
| 260 | _aNew York : | ||
| 260 | _bScholastic Inc. | ||
| 260 | _c2003 | ||
| 300 | _a24 pages : | ||
| 300 | _bcolor illustrations ; | ||
| 300 | _c16 x 19 cm. | ||
| 650 | _aBeetles -- | ||
| 650 | _xJuvenile literature. | ||
| 700 | _a310 | ||
| 999 |
_c299239 _d299239 |
||